| 000 | 00649nam a2200229 a 4500 | ||
|---|---|---|---|
| 001 | |||
| 003 | DO-SdBNP | ||
| 005 | 20210928110411.0 | ||
| 008 | 091013s1988 dr a 000 p spa d | ||
| 040 |
_aDO-SdBNP _bspa _cBPMSU |
||
| 082 |
_aRD861.44 _bU75p 1988 _222 |
||
| 100 | 1 | _aUreña, Dulce | |
| 245 | 1 | 0 |
_aPreámbulo / _cDulce Ureña. |
| 260 |
_aSanto Domingo : _bLozano, _c1988. |
||
| 300 |
_a85 p. : _bil. ; _c21 cm. |
||
| 500 | _aIncluye datos biográficos de la autora en la contracubierta | ||
| 590 | _aInventariado, 2021/VM | ||
| 650 | 4 | _aPoesía dominicana | |
| 650 | 4 | _aLiteratura dominicana. | |
| 910 | _aVMateo | ||
| 942 |
_2ddc _cBK |
||
| 999 |
_c13739 _d13739 |
||